000 00434nam a2200181Ia 4500
001 4374
005 20260306145751.0
008 260306t2015||||xx |||||||||||||| ||spa||
041 _aESP
082 _a320.985
_bP34
100 _aPease García, Henry
_eAUT
245 0 _aLa política en el Perú del siglo XX
260 _c2015
300 _a494 páginas :
_c24 cm.
650 _aGEN
654 _aCDE
942 _cLIB
_dJUS
_fJUS
_2ddc
_n
999 _c4374
_d4374